Score 0/20 Timer 04:00
0 Plays Today
Group Missing Word % Correct
ActorsBloom
98.1%
ActorsWood
96.6%
CharactersBaggins
95.2%
CharactersGrey/White
91.8%
ActorsIan
90.6%
ThingsRule
86.9%
ActorsCate
85.2%
PlacesDeep
79.5%
ThingsSauron
75.4%
CharactersGamgee
74.7%
Group Missing Word % Correct
ActorsMortensen
73.8%
PlacesPony
67.8%
PlacesMoria
67.2%
PlacesMinas
66.7%
PlacesForest
65.5%
ThingsSecond
63.4%
CharactersTom
62.5%
ThingsTree
53.7%
CharactersLegolas
44.7%
ThingsLight
32.7%

Today's Daily Dose

Remove Ads.
Support Sporcle.
Get the best of Sporcle when you Go Orange. This ad-free experience offers more features, more stats, and more fun while also helping to support Sporcle. Thank you for becoming a member.

You're not logged in!

Compare scores with friends on all Sporcle quizzes.
OR
Log In

Show Comments

Extras

Top Quizzes Today


Score Distribution

Your Account Isn't Verified!

In order to create a playlist on Sporcle, you need to verify the email address you used during registration. Go to your Sporcle Settings to finish the process.

Report this User

Report this user for behavior that violates our Community Guidelines.

Details: